000 00641nam a2200193Ia 4500
001 15330
003 GE_BSU
008 181216s||||||||xx |||||||||||||| ||und||
040 _cGE_BSU
100 _aქუჩუკაშვილი,ქეთევან
245 _aმოთხრობები.
245 _cრედ.შ.ამისულაშვილი. მხატვ.დ.ზარაფიშვილი
260 _aთბილისი
260 _bსაბჭოთა საქართველო
260 _c1964
300 _a187გვ.20სმ.
653 _aმოთხრობები.
942 _cBK
999 _c48438
_d48438